| Tag |
First Indicator |
Second Indicator |
Subfields |
| LEADER |
00000cam a2200000 a 4500 |
| 001 |
in00001403981 |
| 005 |
20151020054253.0 |
| 008 |
970716s1998 nyu 001 0 eng |
| 010 |
|
|
|a 97030666
|
| 020 |
|
|
|a 0079132707
|
| 035 |
|
|
|a (OCoLC)37353904
|
| 035 |
|
|
|9 AHN0971AM
|
| 040 |
|
|
|a DLC
|c DLC
|d TXA
|d UtOrBLW
|
| 049 |
|
|
|a TXAM
|
| 050 |
0 |
0 |
|a QA76.73.J38
|b J45 1998
|
| 082 |
0 |
0 |
|a 005.7/3
|2 21
|
| 100 |
1 |
|
|a Jenkins, Michael S.
|
| 245 |
1 |
0 |
|a Abstract data types in Java /
|c Michael S. Jenkins.
|
| 264 |
|
1 |
|a New York :
|b McGraw-Hill,
|c [1998]
|
| 264 |
|
4 |
|c ©1998
|
| 300 |
|
|
|a xvi, 291 pages ;
|c 25 cm. +
|e 1 CD-ROM (4 3/4 in.)
|
| 336 |
|
|
|a text
|b txt
|2 rdacontent
|
| 337 |
|
|
|a unmediated
|b n
|2 rdamedia
|
| 338 |
|
|
|a volume
|b nc
|2 rdacarrier
|
| 490 |
1 |
|
|a McGraw-Hill Java masters
|
| 500 |
|
|
|a Includes index.
|
| 538 |
|
|
|a System requirements for accompanying computer disc: Windows 95; or Windows NT; or Solaris 2.x (Sparc); or Solaris 2.x (x86); CD-ROM drive.
|
| 650 |
|
0 |
|a Java (Computer program language)
|
| 650 |
|
0 |
|a Abstract data types (Computer science)
|
| 830 |
|
0 |
|a McGraw-Hill Java masters.
|
| 948 |
|
|
|a c:dm
|
| 999 |
|
|
|a MARS
|
| 999 |
f |
f |
|s afdc52e1-d8b8-318e-ab80-aced51d355f6
|i fc918cfc-68ec-3245-a555-f2b5d4eaf173
|t 0
|
| 952 |
f |
f |
|p normal
|a Texas A&M University
|b College Station
|c Sterling C. Evans Library
|d Evans: Library Stacks
|t 0
|e QA76.73.J38 J45 1998
|h Library of Congress classification
|i unmediated -- volume
|m A14825600199
|
| 998 |
f |
f |
|a QA76.73.J38 J45 1998
|t 0
|l Evans: Library Stacks
|